الحياة اليومية فى مصر الرومانية

محفوظ في:

المؤلف الرئيسي: نافتال لويس.

مؤلفون آخرون: محمد إبراهيم بكر / آمال محمد الروبى.

التنسيق: كتاب

اللغة: Undetermined

منشور في: Cairo : almajlis al'aelaa lilthaqafa , 2005.

الوسوم: إضافة وسم

لا توجد وسوم, كن أول من يضع وسما على هذه التسجيلة!

رقم الطلب: DT61 .L64612

LEADER 00469nam a2200133Ia 4500
008 240329s9999||||xx |||||||||||||| ||und||
050 4 |a DT61 .L64612 
100 1 |a نافتال لويس. 
245 1 0 |a الحياة اليومية فى مصر الرومانية  |c نافتال لويس 
264 1 |a Cairo :  |b almajlis al'aelaa lilthaqafa ,  |c 2005. 
300 |a 322  |c 24 CM 
700 1 |a محمد إبراهيم بكر / آمال محمد الروبى. 
942 |2 lcc  |c BK 
999 |c 57703  |d 57703